Cadena alfabética de palabras - Estadísticas

Estadísticas generales
  • Esta prueba ha sido intentada 942 veces
  • La puntuación promedio es 18 de 26
Estadísticas de respuestas
Pista Respuesta % Correcto
Parte dura de la boca usada para morder Diente
97%
Hogar de un pájaro Nido
96%
Carrera de 42,195 km Maraton
94%
Apellido del pintor Vincent van ____ Gogh
93%
Estado/islas de EE. UU. en el Pacífico Hawaii
92%
País del Golfo (muy conocido por 2022) Qatar
91%
Núcleo urbano Ciudad
90%
Se encuentran en las bicis y en los coches Ruedas
87%
Gentilicio de Zamora para el femenino Zamorana
85%
Organización de Países Exportadores de Petróleo (siglas en español) OPEP
82%
Carrera a máxima velocidad Sprint
78%
Capital de Afganistán Kabul
77%
Conjunto de hojas pegadas o encuadernadas para anotar Bloc
75%
Abreviatura de chat para preguntar PQ
74%
Traducción directa al inglés de la palabra "cera" Wax
68%
Grupo humano con identidad común Tribu
66%
Herramienta utilizada para ver huesos (palabra en inglés) X-Ray
66%
Siglas de una marca alemana de coches VW
65%
Código IATA de un aeropuerto de Nueva York JFK
64%
Película navideña protagonizada por Will Ferrell Elf
60%
Correr suave al aire libre (anglicismo) Footing
58%
Siglas en inglés de “dron” (vehículo aéreo no tripulado) UAV
54%
Apellido español que termina en -ez Yáñez
53%
Texto de relleno en diseño: "____ Ipsum" (tomado del latín) Lorem
45%
Capitán del Pequod en Moby-Dick Ahab
23%
Bahía/río junto a Ámsterdam IJ
15%
No se encontraron pruebas coincidentes
Distribución de puntuación
Porcentaje de gente con cada puntuación
Porcentaje por número respondido
Historial de tus puntuaciones
No has intentado esta prueba.